| 000 | 00536nam a22001577a 4500 | ||
|---|---|---|---|
| 003 | OSt | ||
| 005 | 20150920143256.0 | ||
| 008 | 150920b xxu||||| |||| 00| 0 eng d | ||
| 040 | _cRUA | ||
| 082 | _aAGR TEK 2006 BO33 Or.1 | ||
| 100 |
_9940 _aTEK, BORITH |
||
| 245 | _aPOTENTIAL OF OPRANGE IN BATTAMBANG PROVINCE,(សក្តានុពលតំណាំក្រូចពោធិសាត់ នៅខេត្តបាត់តំបង). | ||
| 260 |
_aPHNOM PHEN _bRUA _c2006 |
||
| 300 |
_aXIII, 42P. _bILL. _c29CMM. |
||
| 942 |
_2ddc _cAGR |
||
| 999 |
_c904 _d904 |
||